<?xml version="1.0" encoding="UTF-8"?><?xml-stylesheet type="text/xsl" href="static/style.xsl"?><OAI-PMH xmlns="http://www.openarchives.org/OAI/2.0/" xmlns:xsi="http://www.w3.org/2001/XMLSchema-instance" xsi:schemaLocation="http://www.openarchives.org/OAI/2.0/ http://www.openarchives.org/OAI/2.0/OAI-PMH.xsd"><responseDate>2026-06-01T21:08:16Z</responseDate><request verb="GetRecord" identifier="oai:riuma.uma.es:10630/19607" metadataPrefix="marc">https://riuma.uma.es/rest/oai/request</request><GetRecord><record><header><identifier>oai:riuma.uma.es:10630/19607</identifier><datestamp>2026-02-03T12:54:10Z</datestamp><setSpec>com_10630_19559</setSpec><setSpec>com_10630_3139</setSpec><setSpec>com_10630_10</setSpec><setSpec>col_10630_19561</setSpec></header><metadata><record xmlns="http://www.loc.gov/MARC21/slim" xmlns:dcterms="http://purl.org/dc/terms/" xmlns:doc="http://www.lyncode.com/xoai" xmlns:xsi="http://www.w3.org/2001/XMLSchema-instance" xsi:schemaLocation="http://www.loc.gov/MARC21/slim http://www.loc.gov/standards/marcxml/schema/MARC21slim.xsd">
   <leader>00925njm 22002777a 4500</leader>
   <datafield ind2=" " ind1=" " tag="042">
      <subfield code="a">dc</subfield>
   </datafield>
   <datafield ind2=" " ind1=" " tag="720">
      <subfield code="a">González-Calvo, Gustavo</subfield>
      <subfield code="e">author</subfield>
   </datafield>
   <datafield ind2=" " ind1=" " tag="260">
      <subfield code="c">2020</subfield>
   </datafield>
   <datafield ind2=" " ind1=" " tag="520">
      <subfield code="a">La tendencia que venimos observando en los últimos años dentro de las políticas educativas españolas se sustentan en unos criterios y prácticas cuantitativos y de marcado corte neoliberal, siendo el referente prácticamente exclusivo a la hora de evaluar y determinar la idoneidad y competencias que se habrán de desarrollar en el trabajo universitario. En el presente ensayo se adopta un enfoque crítico que permite cierta reflexión con la intención de abrir perspectivas e ir más allá de esta tendencia, cada vez más monopolizada en la formación de posgrado y doctorado y en el desarrollo profesional de jóvenes docentes e investigadores. El texto procura conectar lo social con lo individual, invitando al diálogo y a desvelar el riesgo que supone orientar la investigación y la carrera profesional dentro de la universidad principalmente hacia la formación de profesionales técnicos y competentes, dejando en un plano marginal y secundario el desarrollo de sus cualidades críticas y reflexivas.</subfield>
   </datafield>
   <datafield ind1="8" ind2=" " tag="024">
      <subfield code="a">Calvo, G. (2020). Riesgos, entusiasmos e incertidumbres en torno a la carrera profesional universitaria: el nudo gordiano de la investigación en España. Márgenes, Revista de Educación de la Universidad de Málaga, 1 (1), 69-82</subfield>
   </datafield>
   <datafield ind1="8" ind2=" " tag="024">
      <subfield code="a">https://hdl.handle.net/10630/19607</subfield>
   </datafield>
   <datafield ind1="8" ind2=" " tag="024">
      <subfield code="a">http://dx.doi.org/10.24310/mgnmar.v1i1.6797</subfield>
   </datafield>
   <datafield tag="653" ind2=" " ind1=" ">
      <subfield code="a">Investigación científica</subfield>
   </datafield>
   <datafield ind2="0" ind1="0" tag="245">
      <subfield code="a">Riesgos, entusiasmos e incertidumbres en torno a la carrera profesional universitaria: el nudo gordiano de la investigación en España</subfield>
   </datafield>
</record>
</metadata></record></GetRecord></OAI-PMH>